[Event "Titled Tuesday intern op 12th Mar Early"]
[Site "Chess.com INT"]
[Date "2024.03.12"]
[Round "8"]
[White "Gonzalez Vega, Alejandro"]
[Black "Curi, Gabriel"]
[Result "0-1"]
[WhiteElo "2092"]
[BlackElo "2090"]
[PlyCount "68"]
[EventDate "2024.03.12"]
[EventType "swiss (blitz)"]
[EventRounds "11"]
[EventCountry "USA"]
[SourceTitle "CB12_2024"]
[SourceDate "2023.10.01"]
[SourceVersion "1"]
[SourceVersionDate "2023.10.01"]
[SourceQuality "1"]

1. d4 d5 2. c4 c6 3. Nc3 Nf6 4. e3 e6 5. Nf3 Nbd7 6. Bd3 dxc4 7. Bxc4 b5 8. Bd3 Bb7 9. e4 b4 10. Na4 c5 11. e5 Nd5 12. 0-0 cxd4 13. Bg5 Be7 14. Qd2 h6 15. Bxe7 Qxe7 16. Rfe1 0-0 17. Nxd4 Rac8 18. Nb5 Ba8 19. Nxa7 Rb8 20. Nb5 Qh4 21. g3 Qh5 22. Be2 Qxe5 23. Bf3 Qf6 24. Nd4 e5 25. Bxd5 Bxd5 26. Nf5 Bc6 27. Qd6 Bxa4 28. Qxf6 gxf6 29. b3 Bc6 30. Ne7+ Kg7 31. Nxc6 Rb6 32. Ne7 Nc5 33. Nf5+ Kg6 34. Ne3 Ne6 0-1

[Event "Titled Tuesday intern op 12th Mar Early"]
[Site "Chess.com INT"]
[Date "2024.03.12"]
[Round "4"]
[White "Melillo, Lucius"]
[Black "Gonzalez Vega, Alejandro"]
[Result "1/2-1/2"]
[WhiteElo "2274"]
[BlackElo "2092"]
[PlyCount "67"]
[EventDate "2024.03.12"]
[EventType "swiss (blitz)"]
[EventRounds "11"]
[EventCountry "USA"]
[SourceTitle "CB12_2024"]
[SourceDate "2023.10.01"]
[SourceVersion "1"]
[SourceVersionDate "2023.10.01"]
[SourceQuality "1"]

1. d4 d5 2. Bf4 Nf6 3. e3 c5 4. Nf3 Nc6 5. Nbd2 Bf5 6. dxc5 e6 7. Bb5 Bxc5 8. Nd4 Bxd4 9. exd4 0-0 10. c3 Rc8 11. 0-0 Qb6 12. a4 a6 13. Bxc6 bxc6 14. Qb3 Qa7 15. a5 Nd7 16. Qa3 c5 17. Nb3 cxd4 18. Nxd4 Bg6 19. Be3 Qb7 20. Rac1 Rb8 21. b4 e5 22. Nb3 Rfc8 23. Bc5 Qc6 24. Rfe1 f6 25. Qa2 Bf7 26. Qd2 Qa4 27. Qc2 Qb5 28. Red1 Rc6 29. h3 Rbc8 30. Rd2 Qc4 31. Rdd1 Qb5 32. Rd2 Bg6 33. Qa2 Bf7 34. Qc2 1/2-1/2

[Event "Titled Tuesday intern op 13th Feb Late"]
[Site "Chess.com INT"]
[Date "2024.02.13"]
[Round "7"]
[White "Gonzalez Vega, Alejandro"]
[Black "Marinakis, Hristos"]
[Result "0-1"]
[WhiteElo "2092"]
[BlackElo "2130"]
[PlyCount "72"]
[EventDate "2024.02.13"]
[EventType "swiss (blitz)"]
[EventRounds "11"]
[EventCountry "USA"]
[SourceTitle "CB08_2024"]
[SourceDate "2024.02.21"]
[SourceVersion "1"]
[SourceVersionDate "2024.02.21"]
[SourceQuality "1"]

1. e4 c5 2. Nf3 e6 3. c3 d5 4. exd5 exd5 5. d4 Nf6 6. Bd3 Nc6 7. h3 Bd6 8. 0-0 0-0 9. Bg5 h6 10. Be3 c4 11. Bc2 b5 12. Nbd2 a5 13. b3 Ba6 14. Re1 b4 15. cxb4 axb4 16. a4 c3 17. Nf1 Re8 18. N1h2 Ne4 19. Ng4 h5 20. Ngh2 Qf6 21. h4 g6 22. Ng5 Bxh2+ 23. Kxh2 Nxf2 24. Bxf2 Qxf2 25. Nf3 Rxe1 26. Nxe1 Qxh4+ 27. Kg1 Qxd4+ 28. Kh2 Re8 29. Nf3 Qf4+ 30. Kg1 Qe3+ 31. Kh2 d4 32. Nxd4 Qf4+ 33. Kh1 Qh4+ 34. Kg1 Qxd4+ 35. Kh2 Qf4+ 36. Kh1 Ne5 0-1

[Event "Titled Tuesday intern op 16th Jan Late"]
[Site "Chess.com INT"]
[Date "2024.01.16"]
[Round "8"]
[White "Antonio, Jorge Carlos"]
[Black "Gonzalez Vega, Alejandro"]
[Result "1-0"]
[WhiteElo "2277"]
[BlackElo "2092"]
[PlyCount "95"]
[EventDate "2024.01.16"]
[EventType "swiss (blitz)"]
[EventRounds "11"]
[EventCountry "USA"]
[SourceTitle "CB04_2024"]
[SourceDate "2023.10.16"]
[SourceVersion "1"]
[SourceVersionDate "2023.10.16"]
[SourceQuality "1"]

1. d4 d5 2. Nf3 Nf6 3. Bf4 c5 4. e3 Nc6 5. c3 Qb6 6. Qc2 g6 7. h3 Bf5 8. dxc5 Qxc5 9. Qb3 Na5 10. Qa4+ Bd7 11. Qd4 Qxd4 12. exd4 Nc6 13. Bd3 Bg7 14. 0-0 0-0 15. Nbd2 Rfc8 16. Rfe1 a6 17. Nb3 b6 18. Ne5 e6 19. g4 Be8 20. a4 Nxe5 21. Bxe5 a5 22. Nd2 Nd7 23. Bxg7 Kxg7 24. f4 h6 25. Nf3 Nf6 26. Ne5 Rc7 27. Kg2 Rac8 28. Kf3 Bc6 29. f5 exf5 30. gxf5 g5 31. h4 Nh7 32. hxg5 Nxg5+ 33. Kf4 Kf6 34. Ng4+ Kg7 35. f6+ Kf8 36. Nxh6 Ne6+ 37. Rxe6 fxe6 38. Rg1 Ke8 39. Ke5 Kd8 40. Rg8+ Kd7 41. Rg7+ Kd8 42. Nf7+ Rxf7 43. Rxf7 Be8 44. Rf8 Rc7 45. Rg8 Kd7 46. Bg6 Bxg6 47. Rxg6 Ke8 48. Rg7 1-0

[Event "Titled Tuesday intern op 16th Jan Late"]
[Site "Chess.com INT"]
[Date "2024.01.16"]
[Round "1"]
[White "Gonzalez Vega, Alejandro"]
[Black "Filgueira, Hernan"]
[Result "0-1"]
[WhiteElo "2092"]
[BlackElo "2283"]
[PlyCount "108"]
[EventDate "2024.01.16"]
[EventType "swiss (blitz)"]
[EventRounds "11"]
[EventCountry "USA"]
[SourceTitle "CB04_2024"]
[SourceDate "2023.10.16"]
[SourceVersion "1"]
[SourceVersionDate "2023.10.16"]
[SourceQuality "1"]

1. e4 c5 2. Nf3 e6 3. c3 Nf6 4. Bd3 b6 5. 0-0 Ba6 6. Bxa6 Nxa6 7. d4 Nxe4 8. Qe2 Nxc3 9. bxc3 Nc7 10. Rd1 Be7 11. Nbd2 Nd5 12. Bb2 cxd4 13. cxd4 0-0 14. Nc4 b5 15. Nce5 Rb8 16. Rac1 a5 17. g3 Rb7 18. Qe4 f5 19. Qe2 Qe8 20. Nd2 Bg5 21. f4 Bh6 22. Nb3 a4 23. Nc5 Ra7 24. Qxb5 a3 25. Ba1 Ne7 26. Qb6 Qa8 27. Ncxd7 Ra6 28. Qb3 Rd8 29. Nc5 Rb8 30. Qc4 Rab6 31. Nxe6 Rb4 32. Qc3 Nd5 33. Qd3 Rb2 34. Rd2 Qb7 35. Nc5 Qb4 36. Bxb2 axb2 37. Rb1 Qa5 38. Rdxb2 Rxb2 39. Rxb2 Qe1+ 40. Qf1 Qe3+ 41. Qf2 Qc1+ 42. Kg2 Ne3+ 43. Kf3 g5 44. Rb8+ Kg7 45. Ne6+ Kf6 46. fxg5+ Bxg5 47. Nxg5 Nd1 48. Rf8+ Kg7 49. Rf7+ Kh6 50. Rxh7+ Kxg5 51. h4+ Kf6 52. Rh6+ Kg7 53. Rg6+ Kh7 54. Qe2 Qc3+ 0-1

[Event "Titled Tuesday intern op 16th Jan Late"]
[Site "Chess.com INT"]
[Date "2024.01.16"]
[Round "2"]
[White "Gonzalez Vega, Alejandro"]
[Black "Morales Garcia, Sergio Joshafatt"]
[Result "0-1"]
[WhiteElo "2092"]
[BlackElo "2249"]
[PlyCount "106"]
[EventDate "2024.01.16"]
[EventType "swiss (blitz)"]
[EventRounds "11"]
[EventCountry "USA"]
[SourceTitle "CB04_2024"]
[SourceDate "2023.10.16"]
[SourceVersion "1"]
[SourceVersionDate "2023.10.16"]
[SourceQuality "1"]

1. e4 c5 2. Nf3 e6 3. c3 Nf6 4. Bd3 d5 5. e5 c4 6. Bc2 Nfd7 7. 0-0 Nc6 8. Re1 Qc7 9. Qe2 h6 10. d4 cxd3 11. Bxd3 g5 12. Na3 a6 13. c4 g4 14. Nd2 Ndxe5 15. cxd5 Nxd3 16. Qxd3 Nb4 17. Qb3 Be7 18. dxe6 Bxe6 19. Qe3 0-0-0 20. Ndc4 Kb8 21. b3 Bf6 22. Bb2 Bxc4 23. Bxf6 Nd5 24. Be5 Nxe3 25. Bxc7+ Kxc7 26. Rxe3 Be6 27. Rc1+ Kb8 28. Rec3 Rd2 29. R3c2 Rhd8 30. Kf1 Bf5 31. Rxd2 Rxd2 32. Nc4 Bd3+ 33. Kg1 Bxc4 34. bxc4 Rxa2 35. h4 Kc7 36. Re1 Kc6 37. Re7 a5 38. Rxf7 a4 39. Rf6+ Kc5 40. Rxh6 a3 41. Rh7 Ra1+ 42. Kh2 a2 43. Rxb7 Rh1+ 44. Kxh1 a1Q+ 45. Kh2 Qe5+ 46. g3 Qf6 47. Rb5+ Kxc4 48. Rg5 Qxf2+ 49. Kh1 Qxg3 50. h5 Qh3+ 51. Kg1 g3 52. h6 Qh2+ 53. Kf1 Qf2# 0-1

[Event "Titled Tuesday intern op 16th Jan Late"]
[Site "Chess.com INT"]
[Date "2024.01.16"]
[Round "5"]
[White "Gonzalez Vega, Alejandro"]
[Black "Sukandar, Irine Kharisma"]
[Result "1-0"]
[WhiteElo "2092"]
[BlackElo "2349"]
[PlyCount "133"]
[EventDate "2024.01.16"]
[EventType "swiss (blitz)"]
[EventRounds "11"]
[EventCountry "USA"]
[SourceTitle "CB04_2024"]
[SourceDate "2023.10.16"]
[SourceVersion "1"]
[SourceVersionDate "2023.10.16"]
[SourceQuality "1"]

1. e4 c5 2. Nf3 Nc6 3. c3 Nf6 4. Bd3 d6 5. Bc2 Bg4 6. d3 e5 7. Be3 Be7 8. Nbd2 d5 9. h3 Bxf3 10. Nxf3 d4 11. Bg5 Nd7 12. Bxe7 Qxe7 13. Bb3 0-0 14. a3 Rad8 15. Rc1 Kh8 16. g4 b5 17. cxd4 exd4 18. Bd5 Nde5 19. 0-0 Nxf3+ 20. Qxf3 Ne5 21. Qg3 c4 22. dxc4 Nxc4 23. Bxc4 bxc4 24. Rxc4 Qxe4 25. Rd1 Rfe8 26. Qd3 f5 27. Rxd4 Rxd4 28. Qxd4 Qf3 29. Qd3 fxg4 30. Qxf3 gxf3 31. Rd3 Rf8 32. Kh2 h5 33. Kg3 Rb8 34. b4 g5 35. Kxf3 Rf8+ 36. Kg3 Re8 37. Rd5 Rg8 38. b5 Rg7 39. a4 Kh7 40. a5 Kg6 41. b6 axb6 42. axb6 Rb7 43. Rb5 Kf6 44. h4 gxh4+ 45. Kxh4 Kg6 46. f4 Kf6 47. Kxh5 Ke6 48. Kg5 Kf7 49. f5 Kg7 50. f6+ Kf7 51. Kf5 Rb8 52. b7 Rh8 53. Rb6 Rb8 54. Ke5 Re8+ 55. Kd5 Rd8+ 56. Kc5 Rb8 57. Kc6 Ke6 58. Kc7+ Kf7 59. Kxb8 Kf8 60. Kc7 Kf7 61. b8Q Kg6 62. Qg8+ Kf5 63. f7 Ke5 64. f8Q Kd4 65. Qd8+ Kc3 66. Qgd5 Kc2 67. Qd2# 1-0

[Event "Titled Tuesday intern op 16th Jan Late"]
[Site "Chess.com INT"]
[Date "2024.01.16"]
[Round "11"]
[White "Hubbard, Andrew"]
[Black "Gonzalez Vega, Alejandro"]
[Result "1-0"]
[WhiteElo "2140"]
[BlackElo "2092"]
[PlyCount "85"]
[EventDate "2024.01.16"]
[EventType "swiss (blitz)"]
[EventRounds "11"]
[EventCountry "USA"]
[SourceTitle "CB04_2024"]
[SourceDate "2023.10.16"]
[SourceVersion "1"]
[SourceVersionDate "2023.10.16"]
[SourceQuality "1"]

1. d4 d5 2. c4 e6 3. Nc3 Nf6 4. cxd5 exd5 5. Bg5 Be7 6. e3 0-0 7. Bd3 c6 8. Qc2 Nbd7 9. Nge2 h6 10. Bh4 Re8 11. f3 c5 12. dxc5 Nxc5 13. Bb5 Bd7 14. 0-0 Rc8 15. Nd4 a6 16. Be2 b5 17. Bxf6 Bxf6 18. Nxd5 Bxd4 19. exd4 Ne6 20. Qd2 Bc6 21. Nc3 Qxd4+ 22. Qxd4 Nxd4 23. Bd3 Rcd8 24. Rfd1 Bb7 25. Be4 Bxe4 26. Nxe4 Ne6 27. Kf2 Kf8 28. g3 Ke7 29. Rac1 Rxd1 30. Rxd1 Rd8 31. Rc1 Rd7 32. Ke3 Ra7 33. f4 f5 34. Nc3 Kf7 35. Nd5 Rd7 36. Nb4 Rd6 37. Nc6 Kf6 38. Ne5 Ke7 39. Rc7+ Kf8 40. Rf7+ Kg8 41. Ra7 Kh7 42. h4 Nc5 43. h5 1-0

[Event "Titled Tuesday intern op 16th Jan Early"]
[Site "Chess.com INT"]
[Date "2024.01.16"]
[Round "6"]
[White "Osmonbekov, Talaibek D"]
[Black "Gonzalez Vega, Alejandro"]
[Result "1-0"]
[WhiteElo "2137"]
[BlackElo "2092"]
[PlyCount "79"]
[EventDate "2024.01.16"]
[EventType "swiss (blitz)"]
[EventRounds "11"]
[EventCountry "USA"]
[SourceTitle "CB04_2024"]
[SourceDate "2023.10.16"]
[SourceVersion "1"]
[SourceVersionDate "2023.10.16"]
[SourceQuality "1"]

1. d4 d5 2. Nc3 Nf6 3. Bf4 e6 4. e3 Bb4 5. Bd3 0-0 6. a3 Bd6 7. Nf3 a6 8. 0-0 c5 9. dxc5 Bxc5 10. e4 dxe4 11. Nxe4 Nxe4 12. Bxe4 Qxd1 13. Raxd1 Nc6 14. Bd6 Bxd6 15. Rxd6 Rb8 16. b4 Ne7 17. c4 h6 18. Rfd1 f6 19. Rd8 Kf7 20. Rxf8+ Kxf8 21. Rd8+ Kf7 22. g4 g5 23. Rh8 f5 24. Bc2 Kg7 25. Re8 Kf7 26. Rd8 Nc6 27. Rd6 fxg4 28. Nd2 Ke7 29. c5 Bd7 30. Nc4 Rd8 31. Bd1 h5 32. Kg2 Be8 33. Kg3 Bg6 34. Ba4 Rxd6 35. cxd6+ Kd8 36. b5 axb5 37. Bxb5 Nd4 38. Ba4 Bf5 39. Ne5 h4+ 40. Kg2 1-0

[Event "Titled Tuesday intern op 06th Jun Late"]
[Site "Chess.com INT"]
[Date "2023.06.06"]
[Round "2"]
[White "Aggelis, Nikolaos"]
[Black "Gonzalez Vega, Alejandro"]
[Result "1-0"]
[WhiteElo "2270"]
[BlackElo "2092"]
[PlyCount "83"]
[EventDate "2023.06.06"]
[EventType "swiss (blitz)"]
[EventRounds "11"]
[EventCountry "USA"]
[SourceTitle "EXT 2024"]
[Source "ChessBase"]
[SourceDate "2023.10.10"]
[SourceVersion "1"]
[SourceVersionDate "2023.10.10"]
[SourceQuality "1"]

1. c4 e5 2. Nc3 Nc6 3. g3 Bc5 4. Bg2 d6 5. e3 a6 6. Nge2 Ba7 7. 0-0 h5 8. d4 h4 9. Bxc6+ bxc6 10. dxe5 hxg3 11. hxg3 Qg5 12. Kg2 Bh3+ 13. Kg1 Bxf1 14. Qxf1 Qxe5 15. Qg2 Ne7 16. b3 Qf6 17. Bb2 Qh6 18. Ne4 f6 19. Nf4 Kf7 20. Rd1 Rad8 21. g4 Qh4 22. g5 f5 23. g6+ Kg8 24. Ng5 Rh6 25. Nf7 Rf8 26. Nxh6+ Qxh6 27. Ne6 Rc8 28. Nxg7 Qxg6 29. Qxg6 Nxg6 30. Nxf5 Kf7 31. Rxd6 Ne7 32. Rf6+ Ke8 33. Re6 Bc5 34. Nxe7 Bxe7 35. Bf6 Kf7 36. Rxe7+ Kxf6 37. Rh7 Rg8+ 38. Kf1 Rc8 39. Rh6+ Ke5 40. Rxc6 a5 41. Rc5+ Ke4 42. Ke2 1-0

[Event "Titled Tuesday intern op 06th Jun Late"]
[Site "Chess.com INT"]
[Date "2023.06.06"]
[Round "6"]
[White "Gonzalez Vega, Alejandro"]
[Black "Liu, Eric"]
[Result "0-1"]
[WhiteElo "2092"]
[BlackElo "2230"]
[PlyCount "134"]
[EventDate "2023.06.06"]
[EventType "swiss (blitz)"]
[EventRounds "11"]
[EventCountry "USA"]
[SourceTitle "EXT 2024"]
[Source "ChessBase"]
[SourceDate "2023.10.10"]
[SourceVersion "1"]
[SourceVersionDate "2023.10.10"]
[SourceQuality "1"]

1. e4 b6 2. d4 Bb7 3. Bd3 e6 4. Qe2 h5 5. c3 h4 6. h3 d5 7. Nd2 Nf6 8. e5 Nfd7 9. f4 g6 10. Ngf3 Be7 11. a4 c5 12. a5 bxa5 13. 0-0 Nc6 14. Bb5 Qb6 15. Kh1 a6 16. Ba4 cxd4 17. cxd4 Nxd4 18. Nxd4 Qxd4 19. Nf3 Qe4 20. Qd2 Rd8 21. Qxa5 0-0 22. Re1 Qb4 23. Bd2 Qxa5 24. Bxa5 Nc5 25. Bxd8 Rxd8 26. Bc2 Ne4 27. Bxe4 dxe4 28. Nh2 Rd2 29. Rad1 Rxb2 30. Rb1 Rb4 31. Rxb4 Bxb4 32. Rb1 a5 33. Nf1 Ba6 34. Ne3 Bd3 35. Ra1 Bc3 36. Ra3 Bb4 37. Ra1 Bd2 38. Ng4 e3 39. Nxe3 Bxe3 40. Ra3 Bxf4 41. Rxd3 Bxe5 42. Ra3 Bc7 43. Kg1 Kg7 44. Kf2 Bg3+ 45. Kf3 Be1 46. Kg4 Kh6 47. Ra4 g5 48. Kf3 Kg6 49. Ke4 Bb4 50. Ra2 Kf6 51. Rf2+ Ke7 52. Ke5 a4 53. Ra2 a3 54. Kd4 f5 55. Kc4 Bd6 56. Kb3 Kf6 57. Re2 g4 58. hxg4 fxg4 59. Re4 Kf5 60. Ra4 h3 61. gxh3 gxh3 62. Rh4 h2 63. Rh7 Kg4 64. Ka2 Kf3 65. Rh3+ Kg2 66. Rxh2+ Kxh2 67. Kb3 Kg3 0-1

[Event "Titled Tuesday intern op 06th Jun Late"]
[Site "Chess.com INT"]
[Date "2023.06.06"]
[Round "1"]
[White "Gonzalez Vega, Alejandro"]
[Black "Vlassov, Nikolai"]
[Result "0-1"]
[WhiteElo "2092"]
[BlackElo "2283"]
[PlyCount "68"]
[EventDate "2023.06.06"]
[EventType "swiss (blitz)"]
[EventRounds "11"]
[EventCountry "USA"]
[SourceTitle "EXT 2024"]
[Source "ChessBase"]
[SourceDate "2023.10.10"]
[SourceVersion "1"]
[SourceVersionDate "2023.10.10"]
[SourceQuality "1"]

1. e4 c5 2. Nf3 d6 3. c3 Nf6 4. Bd3 g6 5. h3 Bg7 6. 0-0 0-0 7. Re1 e5 8. Bc2 Re8 9. a4 Nc6 10. Na3 h6 11. d3 Be6 12. Bb3 d5 13. exd5 Nxd5 14. Nc4 Qc7 15. Qc2 Rad8 16. Bd2 Kh7 17. Rad1 a6 18. Bc1 b5 19. axb5 axb5 20. Na3 Qb8 21. Nb1 Na5 22. Bxd5 Bxd5 23. Nbd2 f5 24. b4 cxb4 25. cxb4 Nc6 26. Qb1 Qd6 27. Bb2 Qxb4 28. Qc1 Rc8 29. Bc3 Qd6 30. Qb2 b4 31. Bxe5 Nxe5 32. Nxe5 Rxe5 33. d4 Rxe1+ 34. Rxe1 Ba8 0-1

[Event "Titled Tuesday intern op 22nd Nov Early"]
[Site "Chess.com INT"]
[Date "2022.11.22"]
[Round "3"]
[White "Garv, Gaur"]
[Black "Gonzalez Vega, Alejandro"]
[Result "1-0"]
[WhiteElo "1973"]
[BlackElo "2092"]
[PlyCount "81"]
[EventDate "2022.11.22"]
[EventType "swiss (blitz)"]
[EventRounds "11"]
[EventCountry "USA"]
[SourceTitle "CBM 211 Extra"]
[Source "ChessBase"]
[SourceDate "2023.01.31"]
[SourceVersion "1"]
[SourceVersionDate "2023.01.31"]
[SourceQuality "1"]

1. d4 d5 2. Nf3 Nf6 3. c4 e6 4. g3 Be7 5. Bg2 0-0 6. 0-0 dxc4 7. Qc2 a6 8. a4 Nc6 9. Qxc4 Rb8 10. Nc3 Na5 11. Qd3 c5 12. Bf4 Ra8 13. Rad1 c4 14. Qc2 Nd5 15. Bd2 Nb4 16. Qb1 Nb3 17. Be1 Rb8 18. Ne5 Qc7 19. Na2 Nxa2 20. Qxa2 f6 21. Nf3 b5 22. e4 Bb7 23. d5 exd5 24. exd5 Bd6 25. Nh4 Bc8 26. Bd2 Bg4 27. f3 Bd7 28. f4 Qc5+ 29. Kh1 Rfe8 30. Be1 Bg4 31. Bf2 Qb4 32. Rde1 Qd2 33. axb5 axb5 34. Qa7 Rxe1 35. Bxe1 Qxb2 36. Bb4 Nc5 37. Bxc5 Qe2 38. Bxd6 Rc8 39. h3 h5 40. hxg4 hxg4 41. Nf5 1-0

[Event "Titled Tuesday intern op 22nd Nov Early"]
[Site "Chess.com INT"]
[Date "2022.11.22"]
[Round "2"]
[White "Gonzalez Vega, Alejandro"]
[Black "Sreyas, Payyappat"]
[Result "0-1"]
[WhiteElo "2092"]
[BlackElo "2145"]
[PlyCount "84"]
[EventDate "2022.11.22"]
[EventType "swiss (blitz)"]
[EventRounds "11"]
[EventCountry "USA"]
[SourceTitle "CBM 211 Extra"]
[Source "ChessBase"]
[SourceDate "2023.01.31"]
[SourceVersion "1"]
[SourceVersionDate "2023.01.31"]
[SourceQuality "1"]

1. e4 c5 2. d4 cxd4 3. c3 e5 4. Nf3 Nc6 5. cxd4 exd4 6. Nxd4 Nxd4 7. Qxd4 d6 8. Nc3 Nf6 9. Bf4 Be6 10. Rd1 Qa5 11. Bb5+ Nd7 12. 0-0 0-0-0 13. Rc1 Kb8 14. Bxd6+ Bxd6 15. Qxd6+ Ka8 16. Rfd1 Nf6 17. Qf4 Rxd1+ 18. Rxd1 a6 19. Bf1 Qb4 20. Qe3 Re8 21. f3 Qxb2 22. Rb1 Qa3 23. Qb6 Rb8 24. Qb4 Qxb4 25. Rxb4 Rc8 26. Na4 Rc1 27. Kf2 Rc2+ 28. Ke3 Rxa2 29. Nb6+ Ka7 30. Bc4 Bxc4 31. Nxc4 b5 32. Nd6 Kb6 33. Nxf7 a5 34. Rb1 b4 35. h4 Kb5 36. Nd6+ Kc5 37. Nf5 a4 38. g4 b3 39. Nxg7 b2 40. Ne6+ Kc4 41. Nd4 a3 42. Ne2 Ra1 0-1

[Event "Titled Tuesday intern op 22nd Nov Early"]
[Site "Chess.com INT"]
[Date "2022.11.22"]
[Round "8"]
[White "Rosh, Jain"]
[Black "Gonzalez Vega, Alejandro"]
[Result "1/2-1/2"]
[WhiteElo "2333"]
[BlackElo "2092"]
[PlyCount "86"]
[EventDate "2022.11.22"]
[EventType "swiss (blitz)"]
[EventRounds "11"]
[EventCountry "USA"]
[SourceTitle "CBM 211 Extra"]
[Source "ChessBase"]
[SourceDate "2023.01.31"]
[SourceVersion "1"]
[SourceVersionDate "2023.01.31"]
[SourceQuality "1"]

1. e4 c5 2. Nf3 a6 3. d4 cxd4 4. Nxd4 Nf6 5. Bd3 e5 6. Nf5 d5 7. Ng3 dxe4 8. Nxe4 Nxe4 9. Bxe4 Qxd1+ 10. Kxd1 Bc5 11. Ke2 0-0 12. Nc3 Nc6 13. Be3 Nd4+ 14. Ke1 Be6 15. Rd1 Rfd8 16. Rd2 f5 17. Bxb7 Ra7 18. Bf3 e4 19. Be2 Raa8 20. Na4 Ba7 21. b3 h6 22. h4 a5 23. Kd1 Nxe2 24. Kxe2 Bxe3 25. fxe3 Rxd2+ 26. Kxd2 Rd8+ 27. Kc1 Rc8 28. Rd1 Kf7 29. Nb6 Rc6 30. Na4 g5 31. Nb2 f4 32. hxg5 hxg5 33. Rf1 Kg6 34. exf4 g4 35. Re1 Kf5 36. g3 Rc3 37. Rg1 Rf3 38. Nd1 e3 39. Nc3 Rf2 40. Kd1 Rd2+ 41. Kc1 Rf2 42. Nd1 Rf3 43. Nc3 Rf2 1/2-1/2

[Event "Titled Tuesday intern op 22nd Nov Early"]
[Site "Chess.com INT"]
[Date "2022.11.22"]
[Round "10"]
[White "Simonovic, Miroslav"]
[Black "Gonzalez Vega, Alejandro"]
[Result "1-0"]
[WhiteElo "2115"]
[BlackElo "2092"]
[PlyCount "127"]
[EventDate "2022.11.22"]
[EventType "swiss (blitz)"]
[EventRounds "11"]
[EventCountry "USA"]
[SourceTitle "CBM 211 Extra"]
[Source "ChessBase"]
[SourceDate "2023.01.31"]
[SourceVersion "1"]
[SourceVersionDate "2023.01.31"]
[SourceQuality "1"]

1. d4 d5 2. Bg5 h6 3. Bh4 c6 4. e3 Qb6 5. b3 Bf5 6. Bd3 Bxd3 7. Qxd3 e6 8. f4 Nd7 9. Nd2 c5 10. c3 cxd4 11. exd4 Rc8 12. Ne2 Ngf6 13. 0-0 Bd6 14. c4 Qa6 15. Rf3 0-0 16. c5 Qxd3 17. Rxd3 Be7 18. Nc3 b6 19. b4 Rfe8 20. Re1 bxc5 21. bxc5 Bd8 22. Nb5 Be7 23. Nxa7 Ra8 24. Nc6 Rxa2 25. Nxe7+ Rxe7 26. Rb1 Re8 27. c6 Nf8 28. Bxf6 gxf6 29. Nb3 Rc2 30. Rc1 Rxc1+ 31. Nxc1 Rc8 32. Rc3 e5 33. fxe5 fxe5 34. dxe5 Ne6 35. Nd3 Kf8 36. Nb4 d4 37. Rc4 Ke8 38. Nd5 d3 39. Kf2 Nc7 40. Nxc7+ Rxc7 41. Ke3 Ke7 42. Kxd3 Ke6 43. Ke4 f5+ 44. exf6 Kxf6 45. Kd5 Ke7 46. Re4+ Kd8 47. Re6 Rg7 48. g3 Kc7 49. Rxh6 Rg5+ 50. Ke4 Rg4+ 51. Kf3 Rc4 52. h4 Rd4 53. Rf6 Rc4 54. g4 Rc3+ 55. Kf4 Rc4+ 56. Kg5 Rc5+ 57. Kg6 Rc4 58. Kh5 Rc5+ 59. g5 Rd5 60. Kh6 Rd4 61. h5 Rh4 62. g6 Rg4 63. g7 Rg3 64. Rg6 1-0

[Event "Titled Tuesday intern op 08th Nov Early"]
[Site "Chess.com INT"]
[Date "2022.11.08"]
[Round "11"]
[White "Cramling Bellon, Anna"]
[Black "Gonzalez Vega, Alejandro"]
[Result "0-1"]
[WhiteElo "2072"]
[BlackElo "2092"]
[PlyCount "96"]
[EventDate "2022.11.08"]
[EventType "swiss (blitz)"]
[EventRounds "11"]
[EventCountry "USA"]
[SourceTitle "EXT 2024"]
[Source "ChessBase"]
[SourceDate "2023.10.10"]
[SourceVersion "1"]
[SourceVersionDate "2023.10.10"]
[SourceQuality "1"]

1. d4 d5 2. c4 e6 3. Nc3 Nf6 4. cxd5 exd5 5. Bg5 Nbd7 6. e3 c6 7. Bd3 Be7 8. Nf3 0-0 9. Qc2 Re8 10. 0-0 Nf8 11. h3 h6 12. Bh4 Be6 13. Ne5 N6d7 14. Bxe7 Qxe7 15. f4 Nxe5 16. fxe5 Rac8 17. e4 Red8 18. exd5 cxd5 19. Qe2 Qh4 20. Qf2 Qxf2+ 21. Rxf2 a6 22. a4 Nd7 23. Ne2 Nb6 24. b3 Nd7 25. Nf4 Nf8 26. Rc2 Rxc2 27. Bxc2 Rc8 28. Nxe6 Nxe6 29. Rc1 Rc6 30. Kf2 Nxd4 31. Ke3 Nxc2+ 32. Kf4 d4 33. Ke4 Kf8 34. g4 Ke7 35. Kd3 Nb4+ 36. Kd2 Rxc1 37. Kxc1 Ke6 38. Kd2 Kxe5 39. h4 g5 40. hxg5 hxg5 41. Ke2 Kf4 42. Kd2 Kxg4 43. a5 Kf4 44. Ke2 g4 45. Kf2 g3+ 46. Kg2 d3 47. Kf1 Kf3 48. Kg1 d2 0-1

[Event "Titled Tuesday intern op 08th Nov Early"]
[Site "Chess.com INT"]
[Date "2022.11.08"]
[Round "1"]
[White "Gonzalez Vega, Alejandro"]
[Black "Putnam, Liam H"]
[Result "1-0"]
[WhiteElo "2092"]
[BlackElo "2161"]
[PlyCount "121"]
[EventDate "2022.11.08"]
[EventType "swiss (blitz)"]
[EventRounds "11"]
[EventCountry "USA"]
[SourceTitle "EXT 2024"]
[Source "ChessBase"]
[SourceDate "2023.10.10"]
[SourceVersion "1"]
[SourceVersionDate "2023.10.10"]
[SourceQuality "1"]

1. e4 g6 2. d4 Bg7 3. c3 d6 4. h4 Nf6 5. f3 h5 6. Be3 Nc6 7. Nh3 e5 8. d5 Ne7 9. Ng5 c6 10. c4 0-0 11. Nc3 cxd5 12. cxd5 a6 13. a4 Bd7 14. Be2 Rc8 15. 0-0 Qa5 16. Qd2 Qb4 17. a5 Nh7 18. Nxh7 Kxh7 19. Rfd1 f5 20. Na4 Qxd2 21. Rxd2 Bxa4 22. Rxa4 Bf6 23. g3 fxe4 24. fxe4 Rc1+ 25. Kg2 Bg7 26. Rb4 Rc7 27. Bb6 Rcc8 28. Be3 Rc7 29. Bb6 Rd7 30. Be3 Bh6 31. Bxh6 Kxh6 32. Rc2 Rc8 33. Rbc4 Rxc4 34. Rxc4 Kg7 35. g4 Kh6 36. g5+ Kg7 37. Rc3 Kf7 38. Bd1 b5 39. axb6 Rb7 40. Rb3 Nc8 41. Be2 a5 42. Kf3 Rxb6 43. Rxb6 Nxb6 44. Bb5 Ke7 45. Ke3 Na8 46. Kd3 Nb6 47. Kc3 Kd8 48. Kb3 Ke7 49. Ka3 Kf7 50. b4 axb4+ 51. Kxb4 Ke7 52. Ka5 Na8 53. Bc6 Nc7 54. Kb6 Kd8 55. Kb7 Ne8 56. Bxe8 Kxe8 57. Kc7 Ke7 58. Kc6 Ke8 59. Kxd6 Kd8 60. Kxe5 Ke7 61. d6+ 1-0

[Event "Titled Tuesday intern op 08th Nov Early"]
[Site "Chess.com INT"]
[Date "2022.11.08"]
[Round "4"]
[White "Gonzalez Vega, Alejandro"]
[Black "Turzo, Attila"]
[Result "0-1"]
[WhiteElo "2092"]
[BlackElo "2298"]
[PlyCount "92"]
[EventDate "2022.11.08"]
[EventType "swiss (blitz)"]
[EventRounds "11"]
[EventCountry "USA"]
[SourceTitle "EXT 2024"]
[Source "ChessBase"]
[SourceDate "2023.10.10"]
[SourceVersion "1"]
[SourceVersionDate "2023.10.10"]
[SourceQuality "1"]

1. e4 e5 2. Nf3 Nc6 3. d4 exd4 4. Bc4 Nf6 5. e5 d5 6. Bb5 Ne4 7. Nxd4 Bd7 8. Bxc6 bxc6 9. 0-0 Bc5 10. c3 0-0 11. f3 Ng5 12. f4 Ne4 13. f5 Re8 14. f6 Rxe5 15. fxg7 Kxg7 16. Bf4 Re8 17. Qh5 f6 18. Nd2 Kh8 19. N2f3 Rg8 20. Kh1 Qe8 21. Qxe8 Raxe8 22. Bxc7 Bb6 23. Bxb6 axb6 24. a4 c5 25. Nb5 Bxb5 26. axb5 Nd6 27. Nh4 Re6 28. Nf5 Nxb5 29. Ra6 Rd8 30. h3 d4 31. cxd4 Nxd4 32. Nh6 Kg7 33. Ng4 f5 34. Ra7+ Kg6 35. Nf2 Ne2 36. Rb7 Ng3+ 37. Kg1 Nxf1 38. Kxf1 Rd2 39. g4 Ree2 40. gxf5+ Kxf5 41. Rf7+ Kg6 42. Rf8 Rxf2+ 43. Rxf2 Rxf2+ 44. Kxf2 Kf5 45. Kf3 c4 46. h4 b5 0-1